00462 a2200169 450000100060000002000060000604000220001210000210003424000320005524500270008730000080011436200090012265000260013194200070015795201110016499900170027558150 a  cAnchieta - Pituba aTavares, Eduardo10aAlmas de feira benditalpor10aAlmas de feira bendita a1300 a1992 4aFicção brasileira cBK 00104070a91.1b91.1d2023-11-21l0o869.93 T231a TAV ALMp8481/PITr2023-11-21 18:25:52w2023-11-21yBK c58150d58150